00633 2200229 4500001002100000005001500021035002000036007000300056008004100059020002200100082000800122084001200130100003200142245006000174260003700234300003400271650002500305700002000330504003100350990001100381990001100392INLIS00000000000466120191217094804 a0010-1219000113ta191217 g 0 ind  a978-602-7636-46-0 a301 a301 MEM0 aMEMAHAMI, Kembali Indonesia1 aMemahami Kembli Indonesia /cpenyunting, Akhmad Ramdhon aYogyakarta :bBuku Litera,c2015 axvi, 951 hlm :bilus ;c24 cm 4aSOSIOLOGI. INDONESIA0 aAKHMAD, Ramdhon aBibliografi.: hlm. 916-918 a7256 a a7256 b